UK Territory Quiz - Statistics

General Stats
  • This quiz has been taken 79 times
  • The average score is 15 of 21
Answer Stats
Type of Territory Territory % Correct
Country of the UK Scotland
95%
Country of the UK Wales
95%
Country of the UK England
94%
Province of the UK Northern Ireland
92%
Crown Dependency Bailiwick of Jersey
82%
Crown Dependency Bailiwick of Guernsey
81%
Crown Dependency Isle of Man
81%
British Overseas Territory Gibraltar
77%
British Overseas Territory Virgin Islands / British Virgin Islands
74%
British Overseas Territory Falkland Islands / Islas Malvinas
73%
British Overseas Territory Bermuda
66%
British Overseas Territory Saint Helena, Ascension and Tristan da Cunha
65%
British Overseas Territory Cayman Islands
63%
British Overseas Territory Turks and Caicos Islands
61%
British Overseas Territory British Indian Ocean Territory / Chagos Islands
60%
British Overseas Territory Montserrat
60%
British Overseas Territory Pitcairn Islands / Pitcairn, Henderson, Ducie, and Oeno Islands
60%
British Overseas Territory South Georgia and the South Sandwich Islands
60%
British Overseas Territory Anguilla
58%
British Overseas Territory Sovereign Base Areas of Akrotiri and Dhekelia
48%
British Overseas Territory British Antarctic Territory
44%
No matching quizzes found
Score Distribution
Percent of People with Each Score
Percentile by Number Answered
Your Score History
You have not taken this quiz